Central Library OPAC University of Rajshahi

Cuba's international relations : (Record no. 42034)

MARC details
000 -LEADER
fixed length control field 01042nam a2200301 a 4500
001 - CONTROL NUMBER
control field 42034
003 - CONTROL NUMBER IDENTIFIER
rucl marc code (BD-RJUL)
005 - DATE AND TIME OF LATEST TRANSACTION
control field 20211209053502.0
008 - FIXED-LENGTH DATA ELEMENTS--GENERAL INFORMATION
fixed length control field 160608s1985 cou b 001 0 eng
035 ## - SYSTEM CONTROL NUMBER
System control number MITb10234890
System control number (OCoLC)11550659
System control number GLIS00234890
-- (BD-RJUL) 42152
040 ## - CATALOGING SOURCE
Original cataloging agency DLC
Transcribing agency DLC
Modifying agency MYG
-- (BD-RJUL)
Language of cataloging eng
041 ## - LANGUAGE CODE
Language code of text/sound track or separate title eng
082 ## - DEWEY DECIMAL CLASSIFICATION NUMBER
Edition number 23
Classification number 327.7291
Author mark and year ERC 1985
099 ## - LOCAL FREE-TEXT CALL NUMBER (OCLC)
Bangla Class number F1788.E68 1985
100 1# - MAIN ENTRY--PERSONAL NAME
Personal name Erisman, H. Michael.
9 (RLIN) 129229
245 10 - TITLE STATEMENT
Title Cuba's international relations :
Remainder of title the anatomy of a nationalistic foreign policy /
Statement of responsibility, etc. H. Michael Erisman.
260 ## - PUBLICATION, DISTRIBUTION, ETC. (IMPRINT)
Place of publication, distribution, etc. Boulder :
Name of publisher, distributor, etc. Westview Press,
Date of publication, distribution, etc. 1985.
300 ## - PHYSICAL DESCRIPTION
Pagination xv, 203 p. ;
Size 24 cm.
490 1# - SERIES STATEMENT
Series statement Westview special studies on Latin America and the Caribbean
504 ## - BIBLIOGRAPHY, ETC. NOTE
Bibliography, etc Includes bibliographies and index.
651 #0 - SUBJECT ADDED ENTRY--GEOGRAPHIC NAME
Geographic name Cuba
General subdivision Foreign relations
Chronological subdivision 1959-1990.
9 (RLIN) 122456
830 #0 - SERIES ADDED ENTRY--UNIFORM TITLE
Uniform title Westview special studies on Latin America and the Caribbean.
942 ## - ADDED ENTRY ELEMENTS (KOHA)
Source of classification or shelving scheme Dewey Decimal Classification
Koha item type Books
949 ## - LOCAL PROCESSING INFORMATION (OCLC)
a MYGD
b 39080003370035
Holdings
Lost status Source of classification or shelving scheme Damaged status Not for loan Collection code Permanent Location Current Location Shelving location Date acquired Total Checkouts Full call number Date last seen Copy number Koha item type
  Dewey Decimal Classification     Non-fiction Central Library, University of Rajshahi Central Library, University of Rajshahi   14/03/1989   327.7291 ERC 1985 08/06/2016 C-2 Books
  Dewey Decimal Classification     Non-fiction Central Library, University of Rajshahi Central Library, University of Rajshahi   25/08/1990   327.7291 ERC 1985 08/06/2016 C-3 Books